01365na a2200325 450000100060000000300080000600500170001400800410003102000150007203500100008704000250009704100130012208200210013509000200015624501530017624600420032925000110037126000800038230000190046250001020048150001000058363000420068365000250072565000350075065000380078571000860082394200130090995201020092299900150102413232MIRAKIL20181213155010.0161012b tu 000 0  a9751928575 a13232 aMilasbturcTR-AnCHP aturaeng a305.42bP34 2003 a305.42 P34 2003 aPekin+5 Siyasi Deklarasyonu ve Sonuç BelgesibPekin deklarasyonu ve eylem platformucKadının Statüsü ve Sorunları Genel Müdürlüğü aPekin deklarasyonu ve eylem platformu a2. bs. aAnkarabKadının Statüsü ve Sorunları Genel Müdürlüğüc2003 a393 s.c23 sm. aBirleşmiş Milletler Dördüncü Dünya Kadın Konferansı Pekin, Çin 4-15 Eylül 1995 aBirleşmiş Milletler Genel Kurul 23. Özel Oturumu (Pekin+5) New York, Abd 5-9 Haziran 2000 aPekin deklarasyonu ve eylem platformu aSosyolojixKadınlar aKadının statüsüxEkonomi aKadın haklarıxSiyasal bilimler aT.C. Başbakanlık Kadının Statüsü ve Sorunları Genel Müdürlüğü 2ddccBKS a0001b0001d2016-08-11e2l0o305.42 P34 2003p000853r2016-08-11 00:00:00v0.00w2016-08-11yBKS c4566d4566